000
00223nam a22001097a 4500
005
20250604130759.0
008
181112b xxu||||| |||| 00| 0 eng d
022
_a
00231088
245
_a
KHETI
260
_b
ICAR
942
_c
JRL
999
_c
5757
_d
5755